000 01238nam a2200337Ia 4500
001 8333
005 20251216154155.0
008 170410s2014 c a g 000 f s
020 _a9789584238795 (volúmen 7)
020 _a9789584238726 (obra completa)
040 _aCO-BoRNBP
_bspa
_erda
_cCO-BoRNBP
041 _aspa
084 _aN LEW2
100 1 _aLewis, Clive Staples
_d1898-1963
_936272
245 1 4 _aLas crónicas de Narnia 7:
_bla última batalla /
_cC.S. Lewis ; traducción de Gemma Gallart ; ilustraciones de Pauline Baynes
250 _a3a. edición
264 _aBogotá
_bDestino
_c2014
300 _a260 páginas
_bilustraciones en blanco y negro
_c21 cm
336 _atexto
_btxt
_2rdacontent
337 _asin mediación
_bn
_2rdamedia
338 _avolumen
_bnc
_2rdacarrier
500 _aIncluye datos biográficos del autor
534 _tThe Last Battle
650 1 4 _2LEMB
_aNovela juvenil inglesa
_ySiglo XIX
_968046
650 1 4 _2LEMB
_aLiteratura juvenil inglesa
_ySiglo XX
_959095
650 1 4 _2LEMB
_aAventuras en la literatura
_9492
650 1 4 _2LEMB
_aFantasía en la literatura
_9858
700 1 _aBaynes, Pauline
_eilustradora
_936275
700 1 _aGallart, Gemma
_eTraductor
_936276
942 _2loc
_cBKLIT
999 _c8333
_d8333